Tilastot visalle Suomalaisia, joilla on L-alkuiset nimikirjaimet

Klikkaa tästä pelataksesi tätä visaa!

Yleistilastot

  • Tätä visaa on pelattu 142 kertaa
    (116 viimeisimmän päivityksen jälkeen)
  • Keskiarvotulos 10 / 19

Vastaustilastot

VihjeHenkilö% Oikein
LRSuomen tasavallan toinen presidentti 1925-1931Lauri Kristian Relander
89%
LYThe Rasmus yhtyeen solistiLauri Ylönen
89%
LMEniten otteluita NBA-liigassa pelannut suomalainen koripalloilijaLauri Markkanen
86%
LVNeljä olympiakultaa voittanut juoksija. Kaatui Münchenissä 1972 ja voitti kultaa 10 000 metrin kisassaLasse Virén
82%
LLSuomen menestynein taitoluistelija yksinluistelussa. Euroopan mestari vuodelta 2009Laura Lepistö
82%
LTLinux-käyttöjärjestelmän kehittänyt ohjelmoijaLinus Torvalds
75%
LCPlayboy-mallinakin poseerannut viulisti. Tunnetaan paremmin tyttönimelläänLinda Cullberg Lampenius
72%
LN"Tämä on totta" ja "Mä annan sut pois"-kappaleista tunnettu laulajatarLaura Närhi
67%
LE2020-luvun taitteen paras suomalainen keihäänheittäjä. MM-nelonen vuodelta 2019Lassi Etelätalo
60%
LBMm. Lupaus-elokuvasta tunnettu näyttelijätärLaura Birn
60%
LKSuomen ensimmäinen euroviisuedustaja vuodelta 1961Laila Kinnunen
58%
LASuomalaisten tyylitajua usein arvostellut viihteen sekatyöläinenLenita Airisto
58%
LH2000-luvun myydyin suomalainen naiskirjailijaLaila Hirvisaari
54%
LPInkeriläinen runonlaulaja, jolta on kerätty yli 30 000 säettä kalevalanmittaisia runojaLarin Paraske
44%
LJPitkäaikainen kansanedustaja ja europarlamentaarikkoLiisa Jaakonsaari
30%
Suomen kokeneimpia ja tunnetuimpia naisjalkapalloilijoitaLaura Österberg Kalmari
23%
LW1940-luvun suosituimpia miesnäyttelijöitä.ja kaksinkertainen miespääosan Jussi-palkinnon voittajaLeif Wager
9%
LSTuottelias klassisen musiikin säveltäjä ja kansainvälisen tason kapellimestariLeif Segerstam
5%
LIKokoomusta edustanut Suomen järjestyksessä kolmas pääministeri 1918 sekä 1924-1925Lauri Ingman
4%

Tulosjakauma

Persentiili vastausten määrän mukaan

Jokaisen tuloksen saaneiden osuus

Tuloshistoriasi

Et ole pelannut tätä visaa sen viimeisimmän päivityksen jälkeen